000 00680nam a2200241Ia 4500
003 OSt
005 20220927105005.0
006 a|||||r|||| 00| 0
007 ta
008 220926b |||||||| |||| 00| 0 eng d
024 _a159409
037 _cReference Collections
040 _aRTL
_cRTL
_beng
041 _2eng
_aeng
082 _a"W,31 m2, N68, K8.65"
110 _aINDIA
_9352601
245 0 _a"Rajya sabha parliamentry debates, Index "
_b A report
260 _aNew
_bDelhi Rajya Sabha Secretariat
_c1968
300 _a169p
_ccm.
700 _aINDIA
_9352603
942 _h"W,31 m2, N68, K8.65"
_cCC
999 _c690027
_d690027